[Event "DSJ Weihnachtsturnier U16: Steinitz 2020"]
[Site ""]
[Date "2020.12.28"]
[Round "2"]
[White "Fellberg, Justus"]
[Black "Quade, Luca"]
[Result "1-0"]
[Termination "normal"]
[Board "11.1"]
[WhiteElo "1200"]
[BlackElo "1528"]
[WhiteTeam "SK Wilhelmsburg 1936"]
[BlackTeam "SF Schwerin"]
[PlyCount "143"]
[WhiteFideId "34608990"]
[EventRounds "7"]
[EventType "team-swiss"]
[EventDate "2020.12.28"]

1. e4 {[%emt 0:00:04]} e5 {[%emt 0:00:04]} 2. Nf3 {[%emt 0:00:07]} Nc6 { [%emt
0:00:01]} 3. d4 {[%emt 0:00:02]} exd4 {[%emt 0:00:02]} 4. Nxd4 {[%emt 0:00:00]}
Bc5 {[%emt 0:00:01]} 5. Be3 {[%emt 0:00:02]} Qf6 {[%emt 0:00:02] Wilhelmsb001
reconnected.} 6. c3 {[%emt 0:00:29]} Nge7 {[%emt 0:00:19]} 7. Bb5 {[%emt
0:00:08]} a6 {[%emt 0:00:05]} 8. Ba4 {[%emt 0:00:04]} O-O {[%emt 0:00:04]} 9.
O-O {[%emt 0:00:02]} b5 {[%emt 0:00:06]} 10. Bc2 {[%emt 0:00:03]} Bb7 { [%emt
0:00:02]} 11. Nxc6 {[%emt 0:00:06]} Bxe3 {[%emt 0:00:05]} 12. Nxe7+ { [%emt
0:00:02]} Qxe7 {[%emt 0:00:02]} 13. fxe3 {[%emt 0:00:02]} Bxe4 {[%emt 0:00:11]}
14. Bxe4 {[%emt 0:00:01]} Qxe4 {[%emt 0:00:03]} 15. Qf3 {[%emt 0:00:03] } Rae8
{[%emt 0:00:08]} 16. Qxe4 {[%emt 0:00:10]} Rxe4 {[%emt 0:00:02]} 17. Re1 {[%emt
0:00:01]} Rfe8 {[%emt 0:00:02]} 18. Kf2 {[%emt 0:00:03]} f5 {[%emt 0:00:06]}
19. Nd2 {[%emt 0:00:02]} R4e6 {[%emt 0:00:02]} 20. Re2 {[%emt 0:00:04]} f4
{[%emt 0:00:04]} 21. Rae1 {[%emt 0:00:01]} fxe3+ {[%emt 0:00:07]} 22. Rxe3 {
[%emt 0:00:01]} Rf6+ {[%emt 0:00:09]} 23. Kg1 {[%emt 0:00:04]} Ref8 {[%emt
0:00:07]} 24. h3 {[%emt 0:00:06]} c5 {[%emt 0:00:11]} 25. Ne4 {[%emt 0:00:05]}
Rf4 {[%emt 0:00:45]} 26. Nxc5 {[%emt 0:00:05]} Rc4 {[%emt 0:00:30]} 27. Nxd7 {
[%emt 0:00:03]} Rd8 {[%emt 0:00:30]} 28. Re8+ {[%emt 0:00:03]} Rxe8 {[%emt
0:00:02]} 29. Rxe8+ {[%emt 0:00:00]} Kf7 {[%emt 0:00:01]} 30. Re1 {[%emt
0:00:05] } Rc7 {[%emt 0:00:13]} 31. Ne5+ {[%emt 0:00:04]} Kf6 {[%emt 0:00:05]}
32. Nd3 { [%emt 0:00:04]} Rd7 {[%emt 0:00:07]} 33. Nb4 {[%emt 0:00:10]} a5
{[%emt 0:00:09]} 34. Nc6 {[%emt 0:00:07]} a4 {[%emt 0:00:23]} 35. Re2 {[%emt
0:00:07]} Rd6 {[%emt 0:00:05]} 36. Nd4 {[%emt 0:00:03]} g6 {[%emt 0:00:08]} 37.
Rf2+ { [%emt 0:00:03]} Ke5 {[%emt 0:00:04]} 38. Rf7 {[%emt 0:00:04]} h5 {[%emt
0:00:14]} 39. Rb7 {[%emt 0:00:03]} Rd5 {[%emt 0:00:06]} 40. Kf2 {[%emt
0:00:07]} g5 {[%emt 0:00:04]} 41. Kf3 {[%emt 0:00:04]} Kf6 {[%emt 0:00:18]} 42.
Ke4 { [%emt 0:00:04]} Re5+ {[%emt 0:00:05]} 43. Kf3 {[%emt 0:00:01]} Rd5 {[%emt
0:00:01]} 44. Rb6+ {[%emt 0:00:03]} Kf7 {[%emt 0:00:07]} 45. Rxb5 {[%emt
0:00:08]} Rxb5 {[%emt 0:00:09]} 46. Nxb5 {[%emt 0:00:00]} Ke6 {[%emt 0:00:02]}
47. b3 { [%emt 0:00:13]} axb3 {[%emt 0:00:13]} 48. axb3 {[%emt 0:00:00]} Kd7
{[%emt 0:00:00]} 49. Ke4 {[%emt 0:00:02]} Kc6 {[%emt 0:00:01]} 50. Nd4+ {[%emt
0:00:01]} Kc5 {[%emt 0:00:03]} 51. Kf5 {[%emt 0:00:01]} g4 {[%emt 0:00:01]} 52.
hxg4 { [%emt 0:00:02]} hxg4 {[%emt 0:00:01]} 53. Kxg4 {[%emt 0:00:00]} Kd5
{[%emt 0:00:01]} 54. Kf5 {[%emt 0:00:00]} Kd6 {[%emt 0:00:01]} 55. g4 {[%emt
0:00:00]} Ke7 {[%emt 0:00:02] Schwerin001 reconnected. Wilhelmsb001
reconnected.} 56. b4 {[%emt 0:03:28]} Kd6 {[%emt 0:00:06]} 57. Kf6 {[%emt
0:00:02]} Kd5 {[%emt 0:00:02]} 58. g5 {[%emt 0:00:00]} Kc4 {[%emt 0:00:02]} 59.
g6 {[%emt 0:00:00]} Kxc3 {[%emt 0:00:01]} 60. g7 {[%emt 0:00:00]} Kxd4 {[%emt
0:00:01]} 61. g8=Q { [%emt 0:00:00]} Kc3 {[%emt 0:00:01]} 62. Qd5 {[%emt
0:00:02]} Kxb4 {[%emt 0:00:01]} 63. Qc6 {[%emt 0:00:02]} Kb3 {[%emt 0:00:02]}
64. Qc5 {[%emt 0:00:00]} Kb2 {[%emt 0:00:02]} 65. Qc4 {[%emt 0:00:01]} Kb1
{[%emt 0:00:02]} 66. Qc3 { [%emt 0:00:02]} Ka2 {[%emt 0:00:01]} 67. Qb4 {[%emt
0:00:00]} Ka1 {[%emt 0:00:01]} 68. Ke5 {[%emt 0:00:01]} Ka2 {[%emt 0:00:01]}
69. Kd4 {[%emt 0:00:00]} Ka1 {[%emt 0:00:00]} 70. Kc3 {[%emt 0:00:03]} Ka2
{[%emt 0:00:01]} 71. Qb3+ { [%emt 0:00:00]} Ka1 {[%emt 0:00:02]} 72. Qb2#
{[%emt 0:00:00]} 1-0

[Event "DSJ Weihnachtsturnier U16: Steinitz 2020"]
[Site ""]
[Date "2020.12.28"]
[Round "2"]
[White "Mehlhorn, David"]
[Black "Schulz, Bruno Andreas"]
[Result "1-0"]
[Termination "normal"]
[Board "12.1"]
[WhiteElo "1557"]
[BlackElo "1171"]
[WhiteTeam "SGem Aschheim/Feldkirchen/Kirchheim"]
[BlackTeam "TuS Makkabi Rostock 2"]
[PlyCount "107"]
[WhiteFideId "34607757"]
[BlackFideId "34618473"]
[EventRounds "7"]
[EventType "team-swiss"]
[EventDate "2020.12.28"]

1. e4 {[%emt 0:00:03]} c5 {[%emt 0:00:04]} 2. Nf3 {[%emt 0:00:02]} e6 {[%emt
0:00:02]} 3. Bc4 {[%emt 0:00:02]} a6 {[%emt 0:00:02]} 4. O-O {[%emt 0:00:02]}
b5 {[%emt 0:00:01]} 5. Be2 {[%emt 0:00:01]} Qc7 {[%emt 0:00:01]} 6. d4 {[%emt
0:00:02]} cxd4 {[%emt 0:00:02]} 7. Nxd4 {[%emt 0:00:00]} Bb7 {[%emt 0:00:01]}
8. a4 {[%emt 0:00:14]} b4 {[%emt 0:00:06]} 9. f3 {[%emt 0:00:21]} Bc5 {[%emt
0:00:07]} 10. Kh1 {[%emt 0:00:27]} Nf6 {[%emt 0:00:20]} 11. c3 {[%emt 0:00:10]}
bxc3 {[%emt 0:00:04]} 12. Nxc3 {[%emt 0:00:00]} O-O {[%emt 0:00:04]} 13. Be3 {
[%emt 0:00:10]} Be7 {[%emt 0:00:17]} 14. Rc1 {[%emt 0:00:21]} Nc6 {[%emt
0:00:08]} 15. Qc2 {[%emt 0:00:34]} Rac8 {[%emt 0:00:06]} 16. Nxc6 {[%emt
0:00:03]} Qxc6 {[%emt 0:00:08]} 17. Qb1 {[%emt 0:00:29]} Qd6 {[%emt 0:00:27]}
18. Rfd1 { [%emt 0:00:09]} Qb8 {[%emt 0:00:09]} 19. Bd3 {[%emt 0:00:46]} d6
{[%emt 0:00:21]} 20. Bc2 {[%emt 0:00:21]} h6 {[%emt 0:00:16]} 21. Rd2 {[%emt
0:00:08]} Rfd8 {[%emt 0:00:17]} 22. Rcd1 {[%emt 0:00:02]} Bf8 {[%emt 0:00:20]}
23. a5 { [%emt 0:00:03]} d5 {[%emt 0:00:23]} 24. Bb6 {[%emt 0:00:24]} Rd7
{[%emt 0:00:13]} 25. exd5 {[%emt 0:00:04]} exd5 {[%emt 0:00:02]} 26. Bf5 {[%emt
0:00:02]} Bb4 {[%emt 0:00:12]} 27. Bxd7 {[%emt 0:00:23]} Nxd7 {[%emt 0:00:05]}
28. Nxd5 { [%emt 0:00:07]} Bxd2 {[%emt 0:00:22]} 29. Ne7+ {[%emt 0:00:12]} Kh8
{[%emt 0:00:13]} 30. Nxc8 {[%emt 0:00:03]} Qxc8 {[%emt 0:00:13]} 31. Rxd2
{[%emt 0:00:08]} Nxb6 {[%emt 0:00:01]} 32. axb6 {[%emt 0:00:03]} g6 {[%emt
0:00:17]} 33. h3 {[%emt 0:00:22]} Qc5 {[%emt 0:00:10]} 34. Rd7 {[%emt 0:00:19]}
Bd5 {[%emt 0:00:07]} 35. b7 {[%emt 0:00:07]} Bxb7 {[%emt 0:00:08]} 36. Rxb7
{[%emt 0:00:04]} Qc6 {[%emt 0:00:11]} 37. Rxf7 {[%emt 0:00:04]} Qe6 {[%emt
0:00:11]} 38. Rc7 { [%emt 0:00:17]} Qd6 {[%emt 0:00:08]} 39. Rc1 {[%emt
0:00:03]} Kg7 {[%emt 0:00:04]} 40. Qc2 {[%emt 0:00:01]} Qg3 {[%emt 0:00:11]}
41. Qc7+ {[%emt 0:00:03]} Qxc7 {[%emt 0:00:33]} 42. Rxc7+ {[%emt 0:00:00]} Kf6
{[%emt 0:00:01]} 43. Ra7 { [%emt 0:00:02]} Kg5 {[%emt 0:00:00]} 44. Rxa6 {[%emt
0:00:01]} Kh4 {[%emt 0:00:00]} 45. b4 {[%emt 0:00:03]} Kg3 {[%emt 0:00:01]} 46.
Rxg6+ {[%emt 0:00:03]} Kh4 {[%emt 0:00:04]} 47. Rxh6+ {[%emt 0:00:02]} Kg3
{[%emt 0:00:01]} 48. Rg6+ { [%emt 0:00:04]} Kh4 {[%emt 0:00:02]} 49. Rg4+
{[%emt 0:00:01]} Kh5 {[%emt 0:00:01]} 50. b5 {[%emt 0:00:00]} Kh6 {[%emt
0:00:02]} 51. b6 {[%emt 0:00:00]} Kh7 { [%emt 0:00:01]} 52. b7 {[%emt 0:00:00]}
Kh6 {[%emt 0:00:01]} 53. b8=Q {[%emt 0:00:07]} Kh5 {[%emt 0:00:00]} 54. Qh8#
{[%emt 0:00:02]} 1-0

[Event "DSJ Weihnachtsturnier U16: Steinitz 2020"]
[Site ""]
[Date "2020.12.28"]
[Round "2"]
[White "Kirchner, Bao Long Marc"]
[Black "Centgraf, Andra's"]
[Result "0-1"]
[Termination "normal"]
[Board "12.2"]
[WhiteElo "1312"]
[BlackElo "1415"]
[WhiteTeam "TuS Makkabi Rostock 2"]
[BlackTeam "SGem Aschheim/Feldkirchen/Kirchheim"]
[PlyCount "104"]
[BlackFideId "34611177"]
[EventRounds "7"]
[EventType "team-swiss"]
[EventDate "2020.12.28"]

1. e4 {[%emt 0:00:11]} c5 {[%emt 0:00:14]} 2. Nf3 {[%emt 0:00:02]} Nc6 { [%emt
0:00:03]} 3. d4 {[%emt 0:00:01]} cxd4 {[%emt 0:00:03]} 4. Nxd4 {[%emt 0:00:00]}
Nf6 {[%emt 0:00:01]} 5. Nc3 {[%emt 0:00:02]} e5 {[%emt 0:00:01]} 6. Ndb5 {[%emt
0:00:02]} Bb4 {[%emt 0:00:09]} 7. Nd6+ {[%emt 0:00:15]} Bxd6 { [%emt 0:00:15]}
8. Qxd6 {[%emt 0:00:02]} Qe7 {[%emt 0:00:03]} 9. Qxe7+ { [%emt 0:00:24]} Kxe7
{[%emt 0:00:03]} 10. Nd5+ {[%emt 0:00:01]} Nxd5 {[%emt 0:00:03]} 11. exd5
{[%emt 0:00:01]} Nd4 {[%emt 0:00:03]} 12. Bd3 {[%emt 0:00:10]} d6 {[%emt
0:00:02]} 13. O-O {[%emt 0:00:03]} Bd7 {[%emt 0:00:17]} 14. c3 { [%emt
0:00:12]} Bf5 {[%emt 0:00:33]} 15. Bxf5 {[%emt 0:00:08]} Nxf5 {[%emt 0:00:03]}
16. Be3 {[%emt 0:00:08]} Nxe3 {[%emt 0:00:04]} 17. fxe3 {[%emt 0:00:00] } Rac8
{[%emt 0:00:04]} 18. b3 {[%emt 0:00:14]} b5 {[%emt 0:00:04]} 19. Rac1 { [%emt
0:00:05]} Rc5 {[%emt 0:00:04]} 20. c4 {[%emt 0:00:04]} Rhc8 {[%emt 0:00:05]}
21. b4 {[%emt 0:00:59]} Rxc4 {[%emt 0:00:33]} 22. Rxc4 {[%emt 0:00:03]} Rxc4
{[%emt 0:00:03]} 23. a3 {[%emt 0:00:01] Aschhm4-002 accepted take back of g7g5}
g5 {[%emt 0:00:02]} 24. Rf5 {[%emt 0:00:03]} h6 {[%emt 0:00:12]} 25. Kf2 {[%emt
0:00:09]} Rc3 {[%emt 0:00:06]} 26. h4 {[%emt 0:00:23]} f6 {[%emt 0:00:11]} 27.
hxg5 {[%emt 0:00:12]} hxg5 {[%emt 0:00:03]} 28. Rf3 {[%emt 0:00:26]} Rxa3
{[%emt 0:00:04]} 29. Rh3 {[%emt 0:00:03]} a5 {[%emt 0:00:07]} 30. bxa5 { [%emt
0:00:02]} Rxa5 {[%emt 0:00:01]} 31. Rh7+ {[%emt 0:00:01]} Ke8 {[%emt 0:00:04]}
32. Rb7 {[%emt 0:00:03]} b4 {[%emt 0:00:34]} 33. Rxb4 {[%emt 0:00:02]} Rxd5
{[%emt 0:00:01]} 34. e4 {[%emt 0:00:03]} Rd4 {[%emt 0:00:05]} 35. Rxd4 { [%emt
0:00:10]} exd4 {[%emt 0:00:01]} 36. Ke2 {[%emt 0:00:01]} Ke7 {[%emt 0:00:02]}
37. Kd3 {[%emt 0:00:01]} Ke6 {[%emt 0:00:01]} 38. Kxd4 {[%emt 0:00:01]} g4
{[%emt 0:00:01]} 39. g3 {[%emt 0:00:02]} f5 {[%emt 0:01:44]} 40. Ke3 {[%emt
0:00:06]} d5 {[%emt 0:00:16]} 41. exd5+ {[%emt 0:00:05]} Ke5 {[%emt 0:00:12]}
42. d6 {[%emt 0:00:03]} Kxd6 {[%emt 0:00:03]} 43. Kf4 {[%emt 0:00:07]} Ke6 {
[%emt 0:00:05]} 44. Kg5 {[%emt 0:00:01]} Ke5 {[%emt 0:00:40]} 45. Kh4 {[%emt
0:00:07]} Ke4 {[%emt 0:00:04]} 46. Kg5 {[%emt 0:00:03]} Kf3 {[%emt 0:00:03]}
47. Kh4 {[%emt 0:00:01]} f4 {[%emt 0:00:11]} 48. gxf4 {[%emt 0:00:01]} Kxf4 {
[%emt 0:00:07]} 49. Kh5 {[%emt 0:00:01]} g3 {[%emt 0:00:01]} 50. Kh4 {[%emt
0:00:02]} g2 {[%emt 0:00:00]} 51. Kh3 {[%emt 0:00:04]} g1=Q {[%emt 0:00:01]}
52. Kh4 {[%emt 0:00:01]} Qh1# {[%emt 0:00:01]} 0-1

[Event "DSJ Weihnachtsturnier U16: Steinitz 2020"]
[Site ""]
[Date "2020.12.28"]
[Round "2"]
[White "Müller, Fabian"]
[Black "Köpnick, Amanda"]
[Result "1-0"]
[Termination "normal"]
[Board "12.3"]
[WhiteElo "1205"]
[BlackElo "1123"]
[WhiteTeam "SGem Aschheim/Feldkirchen/Kirchheim"]
[BlackTeam "TuS Makkabi Rostock 2"]
[PlyCount "73"]
[WhiteFideId "34607846"]
[BlackFideId "34618538"]
[EventRounds "7"]
[EventType "team-swiss"]
[EventDate "2020.12.28"]

1. d4 {[%emt 0:00:03]} d5 {[%emt 0:00:05]} 2. Bf4 {[%emt 0:00:01]} Nc6 { [%emt
0:00:06]} 3. Nf3 {[%emt 0:00:02]} e6 {[%emt 0:00:06]} 4. e3 {[%emt 0:00:02]}
Bd6 {[%emt 0:00:04]} 5. Bg3 {[%emt 0:00:02]} Nf6 {[%emt 0:00:02]} 6. c4 { [%emt
0:00:05]} Bxg3 {[%emt 0:00:06]} 7. hxg3 {[%emt 0:00:03]} O-O {[%emt 0:00:02]}
8. Nc3 {[%emt 0:00:10]} a6 {[%emt 0:00:22]} 9. Qc2 {[%emt 0:00:04]} Nb4 { [%emt
0:00:16]} 10. Qb3 {[%emt 0:00:11]} Nc6 {[%emt 0:00:12]} 11. Qc2 {[%emt
0:00:14]} b6 {[%emt 0:00:19]} 12. cxd5 {[%emt 0:00:03]} exd5 {[%emt 0:00:10]}
13. a3 {[%emt 0:00:25]} Ne4 {[%emt 0:00:24]} 14. Nxe4 {[%emt 0:00:04]} dxe4 {
[%emt 0:00:01]} 15. Qxe4 {[%emt 0:00:07]} h6 {[%emt 0:00:17]} 16. Qxc6 { [%emt
0:00:06]} Bg4 {[%emt 0:00:14]} 17. Bd3 {[%emt 0:00:13]} Qe7 {[%emt 0:00:59]}
18. Qe4 {[%emt 0:00:10]} Qxe4 {[%emt 0:00:20]} 19. Bxe4 {[%emt 0:00:00]} Rae8
{[%emt 0:00:09]} 20. Bd3 {[%emt 0:00:28]} a5 {[%emt 0:00:04]} 21. Ne5 { [%emt
0:00:12]} Be6 {[%emt 0:00:18]} 22. O-O {[%emt 0:00:09]} Rd8 {[%emt 0:00:04]}
23. Nc6 {[%emt 0:00:17]} Rd6 {[%emt 0:00:29]} 24. Ne7+ {[%emt 0:00:19]} Kh8
{[%emt 0:00:04]} 25. Nf5 {[%emt 0:00:01]} Rd5 {[%emt 0:00:09]} 26. e4 { [%emt
0:00:35]} Rdd8 {[%emt 0:00:07]} 27. g4 {[%emt 0:00:38]} g6 {[%emt 0:00:08]} 28.
Nxh6 {[%emt 0:00:13]} Rxd4 {[%emt 0:00:17]} 29. Bc2 {[%emt 0:00:14]} Kh7 {[%emt
0:00:11]} 30. g5 {[%emt 0:00:07]} Rc4 {[%emt 0:00:13]} 31. Bd1 { [%emt
0:00:12]} Rxe4 {[%emt 0:00:06]} 32. f4 {[%emt 0:00:18]} Bc4 {[%emt 0:00:08]}
33. Rf2 {[%emt 0:00:20]} Rd8 {[%emt 0:00:04]} 34. Bc2 {[%emt 0:00:24]} Re6
{[%emt 0:00:18]} 35. Nxf7 {[%emt 0:00:10]} Rf8 {[%emt 0:00:13]} 36. Ne5 { [%emt
0:00:07]} c5 {[%emt 0:00:19]} 37. Nxc4 {[%emt 0:00:11]} 1-0

[Event "DSJ Weihnachtsturnier U16: Steinitz 2020"]
[Site ""]
[Date "2020.12.28"]
[Round "2"]
[White "Falkenberg, Aaron"]
[Black "El Sewisy, Aiman"]
[Result "0-1"]
[Termination "normal"]
[Board "12.4"]
[WhiteElo "788"]
[BlackElo "1039"]
[WhiteTeam "TuS Makkabi Rostock 2"]
[BlackTeam "SGem Aschheim/Feldkirchen/Kirchheim"]
[PlyCount "88"]
[BlackFideId "34607803"]
[EventRounds "7"]
[EventType "team-swiss"]
[EventDate "2020.12.28"]

1. e4 {[%emt 0:00:03]} c5 {[%emt 0:00:05]} 2. d4 {[%emt 0:00:10]} cxd4 { [%emt
0:00:03]} 3. Qxd4 {[%emt 0:00:02]} Nc6 {[%emt 0:00:07]} 4. Qd1 {[%emt 0:00:04]}
g6 {[%emt 0:00:06]} 5. Bb5 {[%emt 0:00:16]} Bg7 {[%emt 0:00:03]} 6. Bxc6 {[%emt
0:00:03]} bxc6 {[%emt 0:00:01]} 7. Nc3 {[%emt 0:00:10]} Nf6 { [%emt 0:00:10]}
8. b3 {[%emt 0:00:04]} Nxe4 {[%emt 0:00:23]} 9. Nxe4 {[%emt 0:00:04]} Bxa1
{[%emt 0:00:03]} 10. c3 {[%emt 0:00:13]} d5 {[%emt 0:00:33]} 11. Bd2 {[%emt
0:00:16]} dxe4 {[%emt 0:00:07]} 12. Qxa1 {[%emt 0:00:05]} O-O { [%emt 0:00:14]}
13. Qb1 {[%emt 0:00:07]} Qd3 {[%emt 0:00:07]} 14. Qxd3 { [%emt 0:00:11]} exd3
{[%emt 0:00:00]} 15. Nf3 {[%emt 0:00:07]} Bg4 {[%emt 0:00:06]} 16. h3 {[%emt
0:00:12]} Bxf3 {[%emt 0:00:02]} 17. gxf3 {[%emt 0:00:02]} f5 {[%emt 0:00:03]}
18. O-O {[%emt 0:00:08]} e5 {[%emt 0:00:02]} 19. Re1 {[%emt 0:00:04]} Rfe8
{[%emt 0:00:08]} 20. Re3 {[%emt 0:00:07]} Rad8 {[%emt 0:00:20]} 21. c4 {[%emt
0:00:07]} e4 {[%emt 0:00:27]} 22. fxe4 {[%emt 0:00:09]} Rxe4 { [%emt 0:00:12]}
23. Rxe4 {[%emt 0:00:09]} fxe4 {[%emt 0:00:02]} 24. Kg2 { [%emt 0:00:04]} Rf8
{[%emt 0:00:08]} 25. Kg3 {[%emt 0:00:03]} Kg7 {[%emt 0:00:00]} 26. f4 {[%emt
0:00:06]} exf3 {[%emt 0:00:08]} 27. Kf2 {[%emt 0:00:05]} h5 {[%emt 0:00:13]}
28. Be3 {[%emt 0:00:11]} a6 {[%emt 0:00:04]} 29. Ke1 {[%emt 0:00:04]} Kf6
{[%emt 0:00:14]} 30. Kf2 {[%emt 0:00:06]} Ke5 {[%emt 0:00:03]} 31. Ke1 {[%emt
0:00:02]} Ke4 {[%emt 0:00:03]} 32. Kd2 {[%emt 0:00:04]} f2 {[%emt 0:00:03]} 33.
Bxf2 {[%emt 0:00:06]} Rxf2+ {[%emt 0:00:01]} 34. Kc3 {[%emt 0:00:01]} d2 {[%emt
0:00:05]} 35. Kc2 {[%emt 0:00:06]} Ke3 {[%emt 0:00:03]} 36. Kd1 {[%emt
0:00:02]} Kd3 {[%emt 0:00:18]} 37. c5 {[%emt 0:00:09]} Rg2 {[%emt 0:00:04]} 38.
a4 {[%emt 0:00:04]} Rf2 {[%emt 0:00:02]} 39. a5 {[%emt 0:00:02]} Rg2 { [%emt
0:00:03]} 40. b4 {[%emt 0:00:03]} Rf2 {[%emt 0:00:03]} 41. b5 {[%emt 0:00:01]}
Rg2 {[%emt 0:00:10]} 42. b6 {[%emt 0:00:03]} Rf2 {[%emt 0:00:02]} 43. b7 {[%emt
0:00:02]} Rg2 {[%emt 0:00:09]} 44. b8=Q {[%emt 0:00:02]} Rg1# { [%emt 0:00:01]}
0-1

[Event "DSJ Weihnachtsturnier U16: Steinitz 2020"]
[Site ""]
[Date "2020.12.28"]
[Round "2"]
[White "Reindl, Jork"]
[Black "Rehpenn, Tom"]
[Result "1-0"]
[Termination "normal"]
[Board "14.1"]
[WhiteElo "1713"]
[BlackElo "1419"]
[WhiteTeam "SF 90 Spraitbach"]
[BlackTeam "TuS Varrel"]
[PlyCount "91"]
[WhiteFideId "16200152"]
[BlackFideId "16254708"]
[EventRounds "7"]
[EventType "team-swiss"]
[EventDate "2020.12.28"]

1. e4 {[%emt 0:00:17]} e5 {[%emt 0:00:18]} 2. Nf3 {[%emt 0:00:02]} Nc6 { [%emt
0:00:05]} 3. Bb5 {[%emt 0:00:03]} Bc5 {[%emt 0:00:06]} 4. d3 {[%emt 0:00:06]}
d6 {[%emt 0:00:15]} 5. O-O {[%emt 0:00:08]} Nf6 {[%emt 0:00:06]} 6. c3 { [%emt
0:00:06]} Bd7 {[%emt 0:00:03]} 7. Ba4 {[%emt 0:00:03]} O-O {[%emt 0:00:08]} 8.
h3 {[%emt 0:00:09]} a6 {[%emt 0:00:19]} 9. Nbd2 {[%emt 0:00:05]} b5 { [%emt
0:00:07]} 10. Bc2 {[%emt 0:00:01]} b4 {[%emt 0:00:12]} 11. c4 {[%emt 0:00:42]}
Nd4 {[%emt 0:01:00]} 12. Nxd4 {[%emt 0:00:05]} Bxd4 {[%emt 0:00:14]} 13. Nf3
{[%emt 0:00:02]} Bc5 {[%emt 0:00:17]} 14. Be3 {[%emt 0:00:07]} Nh5 { [%emt
0:00:44]} 15. Bxc5 {[%emt 0:00:04]} dxc5 {[%emt 0:00:14]} 16. Nxe5 { [%emt
0:00:38]} Qg5 {[%emt 0:01:47]} 17. Nxd7 {[%emt 0:00:45]} Nf4 {[%emt 0:00:53]}
18. Qg4 {[%emt 0:00:06]} Qxg4 {[%emt 0:00:52]} 19. hxg4 {[%emt 0:00:01]} Rfd8
{[%emt 0:00:25]} 20. Nxc5 {[%emt 0:00:08]} Rd6 {[%emt 0:00:08]} 21. g3 { [%emt
0:00:14]} Ne2+ {[%emt 0:00:30]} 22. Kg2 {[%emt 0:00:02]} Nd4 {[%emt 0:00:50]}
23. Bd1 {[%emt 0:00:03]} Rh6 {[%emt 0:00:36]} 24. Nb3 {[%emt 0:00:11]} Nxb3
{[%emt 0:00:15]} 25. Bxb3 {[%emt 0:00:00]} a5 {[%emt 0:00:01]} 26. Ba4 { [%emt
0:00:12]} Raa6 {[%emt 0:00:06]} 27. Rad1 {[%emt 0:00:03]} Raf6 {[%emt 0:00:04]}
28. f4 {[%emt 0:00:06]} Rfg6 {[%emt 0:00:12]} 29. Kf3 {[%emt 0:00:02]} Rh3
{[%emt 0:00:04]} 30. Rh1 {[%emt 0:00:05]} Rxh1 {[%emt 0:00:06]} 31. Rxh1 {
[%emt 0:00:00]} h6 {[%emt 0:00:02]} 32. f5 {[%emt 0:00:02]} Rg5 {[%emt 0:00:02]
} 33. Rh5 {[%emt 0:00:02]} Rxh5 {[%emt 0:00:02]} 34. gxh5 {[%emt 0:00:00]} Kf8
{[%emt 0:00:02]} 35. Kf4 {[%emt 0:00:01]} Ke7 {[%emt 0:00:01]} 36. e5 {[%emt
0:00:01]} f6 {[%emt 0:00:02]} 37. d4 {[%emt 0:00:01]} Kf7 {[%emt 0:00:04]} 38.
d5 {[%emt 0:00:03]} fxe5+ {[%emt 0:00:01]} 39. Kxe5 {[%emt 0:00:00]} Ke7 {[%emt
0:00:01]} 40. c5 {[%emt 0:00:04]} Kf7 {[%emt 0:00:02]} 41. d6 {[%emt 0:00:01]}
Kf8 {[%emt 0:00:02]} 42. f6 {[%emt 0:00:05]} cxd6+ {[%emt 0:00:02]} 43. cxd6 {
[%emt 0:00:03]} gxf6+ {[%emt 0:00:02]} 44. Kxf6 {[%emt 0:00:00]} Kg8 {[%emt
0:00:02]} 45. d7 {[%emt 0:00:03]} Kf8 {[%emt 0:00:02]} 46. d8=R# {[%emt
0:00:04]} 1-0

[Event "DSJ Weihnachtsturnier U16: Steinitz 2020"]
[Site ""]
[Date "2020.12.28"]
[Round "2"]
[White "Weidenhöfer, Ben"]
[Black "Abele, Moritz"]
[Result "1-0"]
[Termination "normal"]
[Board "14.4"]
[WhiteElo "954"]
[BlackElo "766"]
[WhiteTeam "TuS Varrel"]
[BlackTeam "SF 90 Spraitbach"]
[PlyCount "65"]
[WhiteFideId "16273702"]
[EventRounds "7"]
[EventType "team-swiss"]
[EventDate "2020.12.28"]

1. d4 {[%emt 0:00:06]} e5 {[%emt 0:00:00]} 2. e3 {[%emt 0:00:04]} Nc6 {[%emt
0:00:08]} 3. Nf3 {[%emt 0:00:10]} Nf6 {[%emt 0:00:05]} 4. Bb5 {[%emt 0:00:04]}
Nb4 {[%emt 0:00:08]} 5. O-O {[%emt 0:00:22]} c6 {[%emt 0:00:08]} 6. Ba4 { [%emt
0:00:08]} d6 {[%emt 0:00:13]} 7. dxe5 {[%emt 0:00:10]} dxe5 {[%emt 0:00:04]} 8.
Qxd8+ {[%emt 0:00:08]} Kxd8 {[%emt 0:00:06]} 9. Nxe5 {[%emt 0:00:05]} Be6
{[%emt 0:00:13]} 10. Rd1+ {[%emt 0:00:09]} Ke8 {[%emt 0:00:05]} 11. c3 { [%emt
0:00:16]} Nbd5 {[%emt 0:00:19]} 12. Bb3 {[%emt 0:00:24]} Nb6 {[%emt 0:00:08]}
13. Bxe6 {[%emt 0:00:17]} fxe6 {[%emt 0:00:04]} 14. f3 {[%emt 0:00:24]} Bc5
{[%emt 0:00:19]} 15. b4 {[%emt 0:00:27]} Be7 {[%emt 0:00:27]} 16. e4 { [%emt
0:00:13]} c5 {[%emt 0:00:03]} 17. Ba3 {[%emt 0:00:23]} cxb4 {[%emt 0:00:04]}
18. Bxb4 {[%emt 0:00:06]} Bxb4 {[%emt 0:00:09]} 19. cxb4 {[%emt 0:00:00]} Rf8
{[%emt 0:00:12]} 20. Nc3 {[%emt 0:00:04]} Rc8 {[%emt 0:00:07]} 21. Nb5 { [%emt
0:00:22]} Na4 {[%emt 0:00:18]} 22. Nd6+ {[%emt 0:00:06]} Kd8 {[%emt 0:00:17]}
23. Nxc8+ {[%emt 0:00:08]} Kxc8 {[%emt 0:00:02]} 24. Rac1+ {[%emt 0:00:06] }
Kb8 {[%emt 0:00:10]} 25. Nd7+ {[%emt 0:00:15]} Nxd7 {[%emt 0:00:04]} 26. Rxd7
{[%emt 0:00:00]} Nb6 {[%emt 0:00:17]} 27. Rxg7 {[%emt 0:00:15]} Rh8 {[%emt
0:00:09]} 28. Rcc7 {[%emt 0:00:13]} h5 {[%emt 0:00:20]} 29. Rxb7+ {[%emt
0:00:10] } Kc8 {[%emt 0:00:15]} 30. Rxa7 {[%emt 0:00:08]} Nc4 {[%emt 0:00:09]}
31. Rac7+ {[%emt 0:00:04]} Kd8 {[%emt 0:00:08]} 32. Rxc4 {[%emt 0:00:13]} Ke8
{[%emt 0:00:04]} 33. Rc8# {[%emt 0:00:04]} 1-0